[Event "DEN-ch Kort 1-2"]
[Site "Helsingor"]
[Date "2013.03.25"]
[Round "4"]
[White "Pedersen, Ole1111"]
[Black "Jensen, Vita"]
[Result "1-0"]
[WhiteElo "1584"]
[BlackElo "1500"]
[PlyCount "61"]
[EventDate "2013.03.23"]
[EventType "swiss"]
[EventRounds "5"]
[EventCountry "DEN"]
[SourceTitle "EXT 2023"]
[Source "ChessBase"]
[SourceDate "2022.10.05"]
[SourceVersion "1"]
[SourceVersionDate "2022.10.05"]
[SourceQuality "1"]

1. c4 d6 2. Nc3 e5 3. e4 Nf6 4. d3 Nc6 5. h3 Be7 6. Nf3 0-0 7. Be3 Re8 8. Qd2 a5 9. Be2 a4 10. a3 b6 11. Bd1 Ra5 12. Bxa4 Bd7 13. Bc2 Be6 14. 0-0 Qd7 15. Nd5 Ra6 16. Ng5 Nxd5 17. cxd5 Bxg5 18. Bxg5 Bxh3 19. dxc6 Qg4 20. f3 Qg3 21. Be3 Re6 22. Qf2 Rg6 23. Qxg3 Rxg3 24. Rf2 Rg6 25. Kf1 Ra5 26. gxh3 Rb5 27. b4 d5 28. Ba4 dxe4 29. Bxb5 h5 30. dxe4 h4 31. Rg2 1-0